| 000 | 00532nam a2200193Ia 4500 | ||
|---|---|---|---|
| 005 | 20250326142842.0 | ||
| 008 | 250326s9999 xx 000 0 und d | ||
| 037 | _aTextbook | ||
| 040 |
_aFMSL _beng _cFMSL |
||
| 041 |
_aeng _2eng |
||
| 084 |
_aSNIobX:8 P0 _qFMSL |
||
| 100 |
_aSchiffman L G _9735236 |
||
| 245 | 0 |
_aConsumer behavior _cSchiffman L G; Kanuk L |
|
| 250 | _a7 | ||
| 260 |
_aNew Jersey _bNew Jersey, Prentice Hall _c2000 |
||
| 300 | _a469p | ||
| 942 |
_cTB _hSNIobX:8 P0 |
||
| 999 |
_c1296941 _d1296941 |
||